000 00664nam a2200241 i 4500
001 000039052
003 DO-SdBNP
005 20240122124810.0
007 ta
008 130516s2002 dr a 000 0 spa d
020 _a99934764040
040 _aDO-SdBNP
_bspa
_cBNPHU
_erda
082 4 _222
245 1 3 _aLa venda transparente /
_cJoaquín Balaguer.
250 _a7a ed.
264 _aSanto Domingo :
_bAlfa y Omega,
_c2002.
300 _a143 páginas :
_bilustraciones ;
_c22 cm.
336 _2rdacontent
_atexto
_btxt
337 _2rdamedia
_asin mediación
_bn
338 _2rdacarrier
_avolumen
_bnc
590 _aInventariado, 2024/BT
942 _2ddc
_cLBS1
999 _c38542
_d38542